A2 Autostrada del Mediterraneo (mappa) - Morte improvvisa - Statistics

Statistiche generali
  • Questo quiz è stato fatto 224 volte
  • Il punteggio medio è 4 su 11
Answers on the Grid
Answers color-coded by a green-red scale on the quiz's grid according to % correct below.
 
Statistiche sulle risposte
Risposta % Corretto
55%
55%
55%
50%
47%
37%
37%
26%
24%
21%
18%
Nessun quiz corrispondente trovato
Distribuzione punteggi
Percentuale di utenti per punteggio
Percentile per numero di risposta
I tuoi punteggi nel tempo
Non hai fatto questo quiz